| 000 | 01418cam a2200277 4500 | ||
|---|---|---|---|
| 001 | X113328 | ||
| 008 | 000000n2001 000 0 eng u | ||
| 035 | _a(Sirsi) u113328 | ||
| 100 | _aHough, B. | ||
| 245 | 2 | _aA material change of use: the rise and rise of the communitarian model | |
| 260 | _c2001 | ||
| 490 |
_aJournal of Planning and Environment Law _vJune 2001, 632-644(13) |
||
| 520 | _aArgues that the evolution of the concept of development is based on a communitarian or utilitarian conception of planning law, whereby it is accepted that the preferences of the individual may be overridden by planning officials where they conflict with the interest of the community as a whole. Compares this model with the private property model and considers how the consequences of possible development can influence whether a change of use is a material one requiring planning permission and the impact of Human Rights. Includes suggestions for reform of the planning system. References, case law. | ||
| 650 | _aCHANGE OF USE | ||
| 650 | _aCOMMUNITARIAN PLANNING MODELS | ||
| 650 | _aHUMAN RIGHTS | ||
| 650 | _aHUMAN RIGHTS ACT 1998 | ||
| 650 | _aMATERIAL CHANGE OF USE | ||
| 650 | _aOFF-SITE HARM | ||
| 650 | _aPLANNING MODELS | ||
| 650 | _aPLANNING PROCESS | ||
| 650 | _aPLANNING REFORM | ||
| 650 | _aTOWN AND COUNTRY PLANNING ACT 1990 S55 | ||
| 690 | _aPLANNING-PLANNING PRACTICE | ||
| 942 | _n0 | ||
| 999 |
_c67510 _d67510 |
||